Normal view
MARC view
- خضير، منعم احمد
Entry Personal Name
001 - CONTROL NUMBER
- control field: 63037
003 - CONTROL NUMBER IDENTIFIER
- control field: JO-AjAnu
005 - DATE AND TIME OF LATEST TRANSACTION
- control field: 20230606084307.0
008 - FIXED-LENGTH DATA ELEMENTS
- fixed length control field: 230606|| aca||aabn | a|a d
040 ## - CATALOGING SOURCE
- Original cataloging agency: JO-AjAnu
- Transcribing agency: JO-AjAnu
100 ## - HEADING--PERSONAL NAME
- Personal name: خضير، منعم احمد
670 ## - SOURCE DATA FOUND
- Source citation: Work cat.: (JO-AjAnu)32141: خضير، منعم احمد, author, الاقتصاد الكلي: مبادئ وتطبيقات = MACROECONOMICS: PRINCIPLES AND APPLICATIONS